Statistics for Spider-Men by Universe

Click here to take the quiz!

General Stats

  • This quiz has been taken 23 times
  • The average score is 12 of 35

Answer Stats

UniverseSpider-Man% Correct
Earth-67Spider-Man '67 (Peter Parker)
80%
Earth-616Spider-Man (Peter B. Parker)
80%
Earth-65Spider-Woman (Gwen Stacy)
70%
Earth-120703Amazing Spider-Man (Peter Parker)
50%
Earth-1048Insomniac Spider-Man (Peter Parker)
50%
Earth-13122LEGO Spider-Man (Peter Parker)
50%
Earth-199999MCU Spider-Man (Peter Parker)
50%
Earth-42None
50%
Earth-96283Raimi Spider-Man (Peter Parker)
50%
Earth-26496Spectacular Spider-Man (Peter Parker)
50%
Earth-90214Spider-Man Noir (Peter Parker)
50%
Earth-751263Spider-Man Unlimited (Peter Parker)
50%
Earth-XSpider-Man X (Peter Parker)
50%
Earth-12041Ultimate Spider-Man (Peter Parker)
50%
Earth-94Scarlet Spider (Ben Reilly)
40%
Earth-1610Spider-Man (Miles Morales)
40%
Earth-138Spider-Punk (Hobie Brown)
40%
Earth-404Spider-Woman (Jessica Drew)
40%
Earth-8311Spider-Ham (Peter Porker)
30%
Earth-66Spider-Rex (Pteter Ptarker)
30%
Earth-14512Peni Parker
20%
Earth-22191Spider-Byte (Margo Kess)
20%
Earth-928Spider-Man 2099 (Miguel O'Hara)
20%
Earth-9500Spider-Man (Max Borne)
20%
Earth-71821Captain Spider (Flash Thompson)
10%
Earth-688None
10%
Earth-999Spider-Cat
10%
Earth-616ASpidercide
10%
Earth-50101Spider-Man India (Pavitr Prabhakar)
10%
Earth-53931Spider-Mobile (Peter Parkedcar)
10%
Earth-835Spider-UK (Malala Windsor)
10%
Earth-833Spider-UK (William Braddock)
10%
Earth-20023Sun-Spider (Charlotte Webber)
10%
Earth-1610ATarantula
10%
Earth-31913Web-Slinger (Patrick O'Hara)
10%

Score Distribution

Percentile by Number Answered

Percent of People with Each Score

Your Score History

You have not taken this quiz